000 00732nam a2200217 i 4500
001 129650
003 ES-MaACL
005 20230906193537.0
007 t|
008 070628s1931 fr ||||1| fre d
100 1 _aTibulo, Albio.
_9110211
245 1 0 _aTibulle et les auteurs du Corpus Tibullianum /
_cAlbio Tibulio ; texte établi et traduit par Max Ponchont.
250 _a2ª ed. rev. et corr.
260 _aParis :
_bD'Edition Les Belles Lettres,
_c1931.
300 _aXLIV, 9 p., 10-190 h., 191-195 p. ;
_c20 cm.
490 1 _aCollection de Universites de France
700 1 _aPonchont, Max.
_992967
830 0 _aCollection de Universites de France
_9219361
852 _aES-MaACL
_jC-8194
999 _c129650
_d129650